Folklore de Chile: la cueca y danzas tradicionales
Guardat en:
| Autor corporatiu: | |
|---|---|
| Format: | Llibre |
| Idioma: | espanyol |
| Publicat: |
Santiago
Departamento de Extensión Cultural
1982
|
| Matèries: | |
| Etiquetes: |
Afegir etiqueta
Sense etiquetes, Sigues el primer a etiquetar aquest registre!
|
MARC
| LEADER | 00000nam a2200000 a 4500 | ||
|---|---|---|---|
| 001 | UCN6000 | ||
| 003 | CL-VaPUC | ||
| 008 | 010913e19820000cl |||||||||||||||||spa|d | ||
| 082 | 0 | 4 | |a 793.31 |b MIN |2 21 |
| 110 | 2 | |a Ministerio de Educación |e author |9 461761 | |
| 245 | 1 | 0 | |a Folklore de Chile: la cueca y danzas tradicionales |
| 300 | |a 31 p | ||
| 942 | |c BK | ||
| 945 | |d 20010913 00:00:00 |a vberengu | ||
| 260 | |a Santiago |b Departamento de Extensión Cultural |c 1982 | ||
| 650 | 7 | |a DANZA FOLKLORICA |2 CL-VaPUC |9 339082 | |
| 650 | 0 | |a Música folklórica |9 306412 | |
| 650 | 0 | |a Folklore chileno |9 265536 | |
| 583 | |a last modification |c 20171010 10:52:27 |k Rodrigo Vera | ||
| 999 | |c 297093 |d 297091 | ||
| 952 | |0 0 |1 0 |4 0 |6 793_310000000000000_MIN_1982 |7 0 |8 X |9 351525 |a FDOMLP |b FDOMLP |d 2019-11-21 |i 3752771 |o 793.31 MIN 1982 |p 3752771 |r 2019-11-21 |w 2019-11-21 |y BK_X |k BU2 | ||